[Event "RSA-ch U14"]
[Site "Gauteng"]
[Date "2017.04.09"]
[Round "8"]
[White "Louw, Carlo"]
[Black "Coetzee, Philip Paul"]
[Result "1-0"]
[WhiteElo "1343"]
[BlackElo "1205"]
[PlyCount "93"]
[EventDate "2017.04.05"]
[EventType "swiss"]
[EventRounds "11"]
[EventCountry "RSA"]
[SourceTitle "CBM 177 Extra"]
[Source "ChessBase"]
[SourceDate "2017.04.27"]
[SourceVersion "1"]
[SourceVersionDate "2017.04.27"]
[SourceQuality "1"]

1. e4 c5 2. Nf3 d6 3. c4 g6 4. d4 cxd4 5. Nxd4 Bg7 6. Be3 Nc6 7. Nc3 Nf6 8. Be2 Bd7 9. 0-0 0-0 10. Rc1 Rc8 11. b3 a6 12. f3 Ne5 13. Qd2 Ne8 14. Bh6 e6 15. Bxg7 Kxg7 16. f4 Nc6 17. Nc2 Nf6 18. Rcd1 Qa5 19. Kh1 Ne7 20. b4 Qb6 21. Qxd6 Qxd6 22. Rxd6 Bc6 23. e5 Ne4 24. Nxe4 Bxe4 25. Ne3 Nc6 26. a3 Rfd8 27. Rfd1 Rxd6 28. Rxd6 Ne7 29. Kg1 h5 30. Kf2 h4 31. Bf3 Bxf3 32. Kxf3 Nf5 33. Nxf5+ exf5 34. c5 Rc7 35. g4 hxg3 36. hxg3 Kf8 37. g4 fxg4+ 38. Kxg4 Re7 39. a4 Rc7 40. Kg5 Ke8 41. Kf6 a5 42. Rb6 axb4 43. Rxb4 Rxc5 44. Rxb7 Ra5 45. Re7+ Kd8 46. Rxf7 Rxa4 47. Kxg6 1-0